[Event "Avoine op 34th"]
[Site "Avoine"]
[Date "2019.07.20"]
[Round "7"]
[White "Gao, Etienne"]
[Black "Algaba, Solene"]
[Result "1-0"]
[WhiteElo "2306"]
[BlackElo "1931"]
[PlyCount "69"]
[EventDate "2019.07.20"]
[EventType "swiss"]
[EventRounds "9"]
[EventCountry "FRA"]
[SourceTitle "EXT 2020"]
[Source "ChessBase"]
[SourceDate "2019.10.17"]
[SourceVersion "1"]
[SourceVersionDate "2019.10.17"]
[SourceQuality "1"]

1. e4 c5 2. Nf3 d6 3. d4 cxd4 4. Nxd4 Nf6 5. Nc3 Nc6 6. Bg5 a6 7. Qd2 e6 8. 0-0-0 Bd7 9. f4 Qc7 10. Bxf6 gxf6 11. f5 h5 12. Kb1 0-0-0 13. Nxc6 Bxc6 14. Qd4 Be7 15. Bc4 Bd7 16. Qd3 Kb8 17. Bb3 Rdg8 18. Qf3 Rg5 19. Rhe1 Rhg8 20. h4 Rg4 21. Ne2 Rxh4 22. Rh1 Rhg4 23. Rxh5 Rxg2 24. Rh7 R8g7 25. Nf4 R7g3 26. Qxg2 Rxg2 27. Nxg2 Bc6 28. Rxf7 Bxe4 29. Nf4 Bxf5 30. Nxe6 Bxe6 31. Bxe6 Qd8 32. Bd5 b5 33. Re1 Qg8 34. a3 Qg5 35. Rexe7 1-0

[Event "Avoine op 34th"]
[Site "Avoine"]
[Date "2019.07.20"]
[Round "3"]
[White "Gao, Etienne"]
[Black "Dupont, Arthur"]
[Result "1-0"]
[WhiteElo "2306"]
[BlackElo "1985"]
[PlyCount "59"]
[EventDate "2019.07.20"]
[EventType "swiss"]
[EventRounds "9"]
[EventCountry "FRA"]
[SourceTitle "EXT 2020"]
[Source "ChessBase"]
[SourceDate "2019.10.17"]
[SourceVersion "1"]
[SourceVersionDate "2019.10.17"]
[SourceQuality "1"]

1. e4 d6 2. d4 g6 3. Nc3 Bg7 4. Be3 c6 5. f3 b5 6. Qd2 Nd7 7. g4 Nb6 8. b3 Bb7 9. h4 h5 10. g5 e6 11. Nge2 Ne7 12. Rc1 0-0 13. Bh3 Qc7 14. 0-0 a6 15. Ng3 c5 16. Nce2 cxd4 17. Nxd4 d5 18. Qf2 Nd7 19. Rfd1 Nc6 20. exd5 Nxd4 21. Bxd4 Bxd5 22. Bxg7 Kxg7 23. f4 Rfd8 24. f5 Ne5 25. fxg6 Nf3+ 26. Kh1 Nxg5+ 27. Bg2 Nh3 28. Nxh5+ Kxg6 29. Qf6+ Kxh5 30. Rxd5+ 1-0

[Event "Rochefort op 18th Op A"]
[Site "Rochefort"]
[Date "2019.02.16"]
[Round "9.7"]
[White "Gao, Etienne"]
[Black "Martinez Duany, Lelys Stanley"]
[Result "0-1"]
[WhiteElo "2306"]
[BlackElo "2547"]
[PlyCount "70"]
[EventDate "2019.02.16"]
[EventType "swiss"]
[EventRounds "9"]
[EventCountry "FRA"]
[SourceTitle "CBM 189 Extra"]
[Source "ChessBase"]
[SourceDate "2019.06.03"]
[SourceVersion "1"]
[SourceVersionDate "2019.06.03"]
[SourceQuality "1"]

1. e4 c5 2. Nf3 Nc6 3. d4 cxd4 4. Nxd4 g6 5. c4 Bg7 6. Be3 Nf6 7. Nc3 d6 8. Be2 Bd7 9. 0-0 0-0 10. f3 Qb6 11. Rb1 Ng4 12. fxg4 Bxd4 13. Bxd4 Qxd4+ 14. Rf2 Qxd1+ 15. Rxd1 Be6 16. g5 Ne5 17. c5 dxc5 18. Nd5 Nc6 19. Rc1 b6 20. Nc7 Rad8 21. Nxe6 fxe6 22. Bc4 Rxf2 23. Kxf2 Rd2+ 24. Ke3 Rxg2 25. Bxe6+ Kg7 26. h4 Nd4 27. Bc4 b5 28. Bd5 Rg3+ 29. Kf2 Rf3+ 30. Kg2 c4 31. a4 a6 32. Rf1 Rxf1 33. Kxf1 e6 34. Bb7 bxa4 35. Bxa6 Nb3 0-1

[Event "Avoine op 33rd"]
[Site "Avoine"]
[Date "2018.07.27"]
[Round "7"]
[White "Gao, Etienne"]
[Black "Engelmann, Herve"]
[Result "0-1"]
[WhiteElo "2249"]
[BlackElo "1998"]
[PlyCount "82"]
[EventDate "2018.07.21"]
[EventType "swiss"]
[EventRounds "9"]
[EventCountry "FRA"]
[SourceTitle "CBM 185 Extra"]
[Source "ChessBase"]
[SourceDate "2018.07.29"]
[SourceVersion "1"]
[SourceVersionDate "2018.07.29"]
[SourceQuality "1"]

1. e4 e5 2. Nf3 Nc6 3. Nc3 Nf6 4. Bb5 Bb4 5. 0-0 0-0 6. d3 d6 7. Bg5 Be6 8. Nd5 Bxd5 9. exd5 Ne7 10. c3 Bc5 11. d4 exd4 12. Bxf6 gxf6 13. Nxd4 Bxd4 14. Qxd4 c6 15. dxc6 bxc6 16. Ba4 Rb8 17. b3 Kg7 18. Rad1 d5 19. Qxa7 Qd6 20. c4 Rfd8 21. Qd4 c5 22. Qg4+ Kh8 23. cxd5 Rg8 24. Qf3 Ng6 25. g3 Ne5 26. Qc3 Rb4 27. Kh1 Rg6 28. f4 Ng4 29. Qf3 f5 30. Qc3+ Kg8 31. Rd2 Re4 32. b4 Rxb4 33. Bc2 Rf6 34. h3 Rh6 35. Kg2 Rc4 36. Qb3 Rxh3 37. Rh1 Rxh1 38. Kxh1 Qe7 39. Qd3 Qe1+ 40. Kg2 Ne3+ 41. Kf3 Re4 0-1

[Event "Avoine op 33rd"]
[Site "Avoine"]
[Date "2018.07.26"]
[Round "6"]
[White "Droin, Augustin"]
[Black "Gao, Etienne"]
[Result "1/2-1/2"]
[WhiteElo "2095"]
[BlackElo "2249"]
[PlyCount "106"]
[EventDate "2018.07.21"]
[EventType "swiss"]
[EventRounds "9"]
[EventCountry "FRA"]
[SourceTitle "CBM 185 Extra"]
[Source "ChessBase"]
[SourceDate "2018.07.29"]
[SourceVersion "1"]
[SourceVersionDate "2018.07.29"]
[SourceQuality "1"]

1. e4 c5 2. Nf3 d6 3. d4 cxd4 4. Nxd4 Nf6 5. Nc3 a6 6. Bg5 e6 7. f4 Be7 8. Qf3 Qc7 9. 0-0-0 Nbd7 10. Rd2 b5 11. e5 Bb7 12. exf6 Bxf3 13. fxe7 Bd5 14. Nxd5 exd5 15. Nf5 f6 16. Bh4 Kf7 17. Be2 g6 18. Ne3 Nb6 19. Bf3 Rac8 20. Re1 h6 21. f5 g5 22. Bf2 Kg7 23. Nxd5 Nxd5 24. Bxd5 Rhe8 25. Rde2 Qa5 26. Re6 b4 27. Be4 b3 28. axb3 Qa1+ 29. Kd2 Qxb2 30. Bd3 Rc7 31. R1e4 Qc3+ 32. Ke2 d5 33. Bd4 dxe4 34. Bxc3 Rxc3 35. Kd2 Rc7 36. Rxe4 a5 37. Bc4 Rexe7 38. Be6 Rc5 39. c4 h5 40. h3 Rb7 41. Kc3 Kf8 42. Re3 Rcc7 43. Kd4 Rb4 44. Kd5 a4 45. Kd6 axb3 46. Kxc7 b2 47. Re1 b1Q 48. Rxb1 Rxb1 49. Kd7 Rb7+ 50. Kd6 Rb6+ 51. Kd7 Rb7+ 52. Kd6 Rb6+ 53. Kd7 Rb7+ 1/2-1/2

[Event "Angers op 13th"]
[Site "Angers"]
[Date "2018.05.13"]
[Round "5"]
[White "Harutyunyan, Ruben"]
[Black "Gao, Etienne"]
[Result "1/2-1/2"]
[WhiteElo "2299"]
[BlackElo "2168"]
[PlyCount "129"]
[EventDate "2018.05.11"]
[EventType "swiss"]
[EventRounds "6"]
[EventCountry "FRA"]
[SourceTitle "CBM 184 Extra"]
[Source "ChessBase"]
[SourceDate "2018.06.28"]
[SourceVersion "1"]
[SourceVersionDate "2018.06.28"]
[SourceQuality "1"]

1. e4 c5 2. Ne2 d6 3. g3 g6 4. Bg2 Bg7 5. c3 e5 6. d4 Nc6 7. d5 Nce7 8. 0-0 Nf6 9. b4 cxb4 10. cxb4 0-0 11. Nd2 b5 12. Nb3 Nd7 13. Nc3 f5 14. Nxb5 Ba6 15. a4 Nf6 16. f3 Qb6+ 17. Kh1 Bxb5 18. axb5 Qxb5 19. Bd2 Rfc8 20. Re1 h5 21. Qe2 Qd7 22. Rec1 Kh7 23. Na5 Rxc1+ 24. Rxc1 Bh6 25. Bxh6 Kxh6 26. Bh3 Rc8 27. Rxc8 Qxc8 28. Qe3+ g5 29. Qd2 Kg6 30. Nc6 Qd7 31. Nxe7+ Qxe7 32. Bxf5+ Kh6 33. h4 Ne8 34. Qc1 Ng7 35. g4 Qd8 36. Kg2 Qe7 37. Kf1 Qd8 38. Ke2 Qe7 39. Kd3 Qd8 40. Qe3 Qe7 41. Kc2 Ne8 42. Kb2 Nc7 43. Qc1 Nb5 44. gxh5 Kxh5 45. hxg5 Qxg5 46. Qh1+ Qh4 47. Bg4+ Kg5 48. Qxh4+ Kxh4 49. Kb3 Kg3 50. Ka4 Nd4 51. Ka5 Nxf3 52. Bf5 Nd4 53. Ka6 Nc2 54. b5 Nd4 55. Kxa7 Nxb5+ 56. Kb6 Na3 57. Kc6 Nc4 58. Kb5 Nd2 59. Kc6 Nc4 60. Bc8 Kf4 61. Ba6 Nd2 62. Kxd6 Nxe4+ 63. Kc6 Nf6 64. d6 e4 65. d7 1/2-1/2

[Event "FRA-ch U16 "]
[Site "Agen"]
[Date "2018.04.17"]
[Round "4"]
[White "Gao, Etienne"]
[Black "Harutyunyan, Ruben"]
[Result "1-0"]
[WhiteElo "2129"]
[BlackElo "2305"]
[PlyCount "105"]
[EventDate "2018.04.15"]
[EventType "swiss"]
[EventRounds "9"]
[EventCountry "FRA"]
[SourceTitle "EXT 2019"]
[Source "ChessBase"]
[SourceDate "2018.10.10"]
[SourceVersion "1"]
[SourceVersionDate "2018.10.10"]
[SourceQuality "1"]

1. e4 c5 2. Nf3 d6 3. d4 Nf6 4. Nc3 cxd4 5. Nxd4 a6 6. Bg5 Nbd7 7. Bc4 e6 8. Qe2 b5 9. Bd5 exd5 10. Nc6 Qb6 11. exd5+ Ne5 12. Nxe5 dxe5 13. Qxe5+ Be7 14. Ne4 0-0 15. Qxe7 Nxd5 16. Qc5 Re8 17. 0-0-0 Qxc5 18. Nxc5 Nb6 19. b3 Bf5 20. Be3 Rac8 21. Rd6 Nd7 22. Nxd7 Red8 23. Nf6+ gxf6 24. Rxd8+ Rxd8 25. Kb2 h5 26. Rc1 Be4 27. g3 Bf3 28. c4 Rd1 29. Rxd1 Bxd1 30. cxb5 axb5 31. Bc5 Kg7 32. Kc3 Kg6 33. Kb4 Be2 34. Ka5 Kf5 35. Kb6 Ke6 36. Kc6 f5 37. f4 Bd3 38. Bf8 Bb1 39. a4 bxa4 40. bxa4 Be4+ 41. Kc7 h4 42. gxh4 Kf6 43. a5 Kg6 44. a6 Kh5 45. a7 Kxh4 46. Kb8 Kh3 47. a8Q Bxa8 48. Kxa8 Kxh2 49. Kb7 Kg3 50. Bd6 Kf3 51. Kc6 Ke4 52. Kd7 Kd5 53. Bb8 1-0

[Event "FRA-ch U14"]
[Site "Gonfreville"]
[Date "2016.04.16"]
[Round "8.9"]
[White "Gao, Etienne"]
[Black "Gatineau, Yovann"]
[Result "0-1"]
[WhiteElo "1908"]
[BlackElo "2279"]
[PlyCount "78"]
[EventDate "2016.04.22"]
[EventType "swiss"]
[EventRounds "9"]
[EventCountry "FRA"]
[SourceTitle "EXT 2019"]
[Source "ChessBase"]
[SourceDate "2018.10.10"]
[SourceVersion "1"]
[SourceVersionDate "2018.10.10"]
[SourceQuality "1"]

1. d4 d5 2. Nf3 Nf6 3. g3 g6 4. Bg2 Bg7 5. 0-0 0-0 6. Nbd2 Nc6 7. e3 Bf5 8. b3 Ne4 9. Nxe4 Bxe4 10. Ba3 a5 11. Nd2 Bxg2 12. Kxg2 Re8 13. Nf3 a4 14. c3 Qd7 15. Qc2 Ra5 16. b4 Raa8 17. Ne1 e5 18. Nd3 Qf5 19. Rac1 e4 20. Ne1 b5 21. Rd1 g5 22. Qe2 Na7 23. Qh5 Re6 24. f4 exf3+ 25. Rxf3 Qg6 26. Qxg6 hxg6 27. g4 Rae8 28. Bc1 Nc8 29. Nd3 Nd6 30. Nc5 R6e7 31. h3 Nc4 32. Re1 Bh6 33. Kf2 Nd6 34. Nd3 Ne4+ 35. Kg2 Nxc3 36. Bb2 Ne4 37. Re2 Nd6 38. Bc1 Bg7 39. Nc5 Bxd4 0-1

[Event "FRA-ch U14"]
[Site "Gonfreville"]
[Date "2016.04.12"]
[Round "4.10"]
[White "Travadon, Loic"]
[Black "Gao, Etienne"]
[Result "1/2-1/2"]
[WhiteElo "2203"]
[BlackElo "1908"]
[PlyCount "86"]
[EventDate "2016.04.22"]
[EventType "swiss"]
[EventRounds "9"]
[EventCountry "FRA"]
[SourceTitle "EXT 2019"]
[Source "ChessBase"]
[SourceDate "2018.10.10"]
[SourceVersion "1"]
[SourceVersionDate "2018.10.10"]
[SourceQuality "1"]

1. d4 Nf6 2. c4 g6 3. Nc3 d5 4. Nf3 Bg7 5. Qb3 c6 6. Bf4 dxc4 7. Qxc4 Be6 8. Qb4 Qb6 9. Qxb6 axb6 10. Ng5 Bc4 11. b3 Ba6 12. e3 Bxf1 13. Rxf1 Nbd7 14. Ke2 Nh5 15. Bg3 0-0 16. Nf3 Nxg3+ 17. hxg3 Rfd8 18. Rfd1 b5 19. a4 bxa4 20. Rxa4 b5 21. Rxa8 Rxa8 22. Kd3 Ra3 23. Kc2 b4 24. Na4 Ra2+ 25. Nb2 Nb6 26. Kb1 Ra3 27. Rd3 Nd5 28. Na4 Nc3+ 29. Nxc3 Rxb3+ 30. Kc2 Rxc3+ 31. Rxc3 bxc3 32. Ng5 e5 33. Kxc3 exd4+ 34. exd4 c5 35. Nf3 cxd4+ 36. Nxd4 Kf8 37. Kd3 Ke7 38. Nf3 h6 39. Ke4 Ke6 40. Ne1 f5+ 41. Kf3 g5 42. g4 Bd4 43. gxf5+ Ke5 1/2-1/2

[Event "Sautron W op 02nd"]
[Site "Sautron"]
[Date "2014.05.29"]
[Round "2"]
[White "Le Goff, Ronan"]
[Black "Gao, Etienne"]
[Result "1-0"]
[WhiteElo "2204"]
[BlackElo "1665"]
[PlyCount "31"]
[EventDate "2014.05.28"]
[EventType "swiss"]
[EventRounds "6"]
[EventCountry "FRA"]
[SourceTitle "EXT 2016"]
[Source "ChessBase"]
[SourceDate "2015.10.08"]
[SourceVersion "1"]
[SourceVersionDate "2015.10.08"]
[SourceQuality "1"]

1. d4 Nf6 2. Nf3 g6 3. Nc3 d5 4. Bf4 c6 5. e3 Bg7 6. Be2 0-0 7. h4 Bg4 8. Ne5 Bxe2 9. Qxe2 Nh5 10. Bh2 f5 11. f3 e6 12. 0-0-0 Qxh4 13. g4 fxg4 14. Nxg4 Ng3 15. Bxg3 Qxg3 16. f4 1-0

[Event "FRA-ch U12"]
[Site "Montbeliard"]
[Date "2014.04.27"]
[Round "9"]
[White "Tomasi, Albert"]
[Black "Gao, Etienne"]
[Result "1-0"]
[WhiteElo "1826"]
[BlackElo "1677"]
[PlyCount "35"]
[EventDate "2014.04.21"]
[EventType "swiss"]
[EventRounds "9"]
[EventCountry "FRA"]
[SourceTitle "CBM 160 Extra"]
[Source "ChessBase"]
[SourceDate "2014.07.01"]
[SourceVersion "1"]
[SourceVersionDate "2014.07.01"]
[SourceQuality "1"]

1. e4 c5 2. Nc3 Nc6 3. Bb5 d6 4. Bxc6+ bxc6 5. f4 g6 6. d3 Bg7 7. Nf3 e6 8. 0-0 Ne7 9. Kh1 Ba6 10. Be3 Rb8 11. Rb1 Qa5 12. Qd2 Bxc3 13. bxc3 0-0 14. f5 exf5 15. Bh6 Rxb1 16. Rxb1 Re8 17. Qg5 fxe4 18. Qxe7 1-0

[Event "FRA-chT U20"]
[Site "Lille"]
[Date "2013.12.08"]
[Round "3.5"]
[White "Phulpin, Theo"]
[Black "Gao, Etienne"]
[Result "0-1"]
[WhiteElo "1497"]
[BlackElo "1645"]
[PlyCount "142"]
[EventDate "2013.12.07"]
[EventType "team-match"]
[EventRounds "5"]
[EventCountry "FRA"]
[SourceTitle "EXT 2015"]
[Source "ChessBase"]
[SourceDate "2014.11.20"]
[SourceVersion "1"]
[SourceVersionDate "2014.11.20"]
[SourceQuality "1"]

1. e4 c5 2. Nf3 d6 3. d4 cxd4 4. Nxd4 Nf6 5. Nc3 a6 6. Be3 e6 7. f3 Nbd7 8. a4 b6 9. Be2 Bb7 10. Qd3 d5 11. Bg5 e5 12. Nb3 d4 13. Nd1 Nc5 14. Nxc5 Bxc5 15. 0-0 Be7 16. b3 0-0 17. Nb2 Nd7 18. Bd2 a5 19. c4 Bg5 20. Nd1 Bf4 21. Nf2 Qf6 22. Rad1 Bxd2 23. Qxd2 Qg6 24. Nh3 Nf6 25. Qg5 Qxg5 26. Nxg5 h6 27. Nh3 Bc6 28. Nf2 Rab8 29. Rb1 Rb7 30. Bd3 Nd7 31. Bc2 f6 32. Nd3 Kf7 33. Kf2 Ke7 34. Ke2 Kd6 35. Kd2 g6 36. Rfe1 f5 37. Nf2 Nb8 38. Re2 Na6 39. Nd3 fxe4 40. fxe4 Rbf7 41. Ree1 Nc7 42. g3 Ne6 43. h4 Rf3 44. g4 Rh3 45. Rh1 Rxh1 46. Rxh1 Bxe4 47. Re1 Bxd3 48. Bxd3 Rf2+ 49. Re2 Rxe2+ 50. Bxe2 e4 51. Bd1 Ke5 52. Ke1 Kf4 53. Kf2 d3 54. h5 g5 55. b4 axb4 56. c5 Nxc5 57. Ke1 e3 58. Kf1 Kg3 59. Ke1 Kg2 60. Be2 d2+ 61. Kd1 Nxa4 62. Kc2 Kf2 63. Kd3 Nb2+ 64. Kc2 Kxe2 65. Kxb2 d1Q 66. Ka2 Qc2+ 67. Ka1 Qc3+ 68. Kb1 Qd2 69. Ka1 b3 70. Kb1 Qc2+ 71. Ka1 Qa2# 0-1